Image Processing, Analysis and Machine Vision / (Record no. 592299)

000 -LEADER
fixed length control field 01089nam a22001937a 4500
003 - CONTROL NUMBER IDENTIFIER
control field NUST
005 - DATE AND TIME OF LATEST TRANSACTION
control field 20221115103838.0
020 ## - INTERNATIONAL STANDARD BOOK NUMBER
International Standard Book Number 9788131503003
082 ## - DEWEY DECIMAL CLASSIFICATION NUMBER
Classification number 621.367,SON
100 ## - MAIN ENTRY--PERSONAL NAME
Personal name Sonka, Milan
9 (RLIN) 102603
245 ## - TITLE STATEMENT
Title Image Processing, Analysis and Machine Vision /
Statement of responsibility, etc. Milan Sonka, Vaclav Hlavac, Roger Boyle
250 ## - EDITION STATEMENT
Edition statement 2nd Edition
260 ## - PUBLICATION, DISTRIBUTION, ETC.
Place of publication, distribution, etc. Brooks
Name of publisher, distributor, etc. India
Date of publication, distribution, etc. 2007
300 ## - PHYSICAL DESCRIPTION
Extent xxiii, 769 p
505 ## - FORMATTED CONTENTS NOTE
Formatted contents note Introduction (Page-1), The digitized image and its properties (Page-10), Data structures for image analysis (Page-42), Image pre-processing (Page-57), Segmentation (Page-123), Shape representation and description (Page-228), Object recognition (Page-290), Image understanding (Page-362), 3D vision, geometry, and radiometry (Page-441), Use of 3D vision (Page-508), Mathematical morphology (Page-559), Linear discrete image transforms (Page-600), Image data compression (Page-621), Texture (Page-646), Motion analysis (Page-679), Case studies (Page-722),
650 ## - SUBJECT ADDED ENTRY--TOPICAL TERM
Topical term or geographic name entry element Image Processing, Computer Vision
9 (RLIN) 102604
651 ## - SUBJECT ADDED ENTRY--GEOGRAPHIC NAME
Geographic name Image Analysis
9 (RLIN) 102605
942 ## - ADDED ENTRY ELEMENTS (KOHA)
Source of classification or shelving scheme
Koha item type Book
Holdings
Withdrawn status Lost status Source of classification or shelving scheme Damaged status Not for loan Permanent Location Current Location Shelving location Date acquired Total Checkouts Full call number Barcode Date last seen Price effective from Koha item type Public note
          Military College of Signals (MCS) Military College of Signals (MCS) General Stacks 11/15/2022   621.367,SON MCS34481 11/15/2022 11/15/2022 Book Almirah No.30, Shelf No.3
© 2023 Central Library, National University of Sciences and Technology. All Rights Reserved.